[Event "ODJM B 2022"]
[Site "Willingen GER"]
[Date "2022.06.05"]
[Round "2"]
[White "Morio, Estelle"]
[Black "Kullmann, Theo"]
[Result "1/2-1/2"]
[Termination "normal"]
[Board "18"]
[WhiteElo "1823"]
[BlackElo "1506"]
[PlyCount "209"]
[WhiteFideId "12951951"]
[BlackFideId "16218582"]
[EventCountry "GER"]
[EventRounds "9"]
[EventType "swiss"]
[EventDate "2022.06.04"]

1. f4 d5 2. Nf3 Nf6 3. e3 g6 4. b3 Bg7 5. Bb2 O-O 6. Be2 c5 7. O-O Nc6 8. Ne5
Qc7 9. Nxc6 Qxc6 10. Bf3 b6 11. d3 Bb7 12. Nd2 Qc7 13. Qe1 e6 14. Be5 Qe7 15.
Rd1 a6 16. Qh4 Rfe8 17. Rfe1 Rad8 18. g4 Nd7 19. Qxe7 Rxe7 20. Bxg7 Kxg7 21. e4
d4 22. Kf2 b5 23. Ra1 Ra8 24. a4 Ree8 25. Rg1 e5 26. f5 g5 27. h4 h6 28. Rh1 f6
29. Be2 Nb6 30. a5 Nc8 31. Rh2 Nd6 32. Rah1 Rh8 33. Ra1 Bc6 34. Rhh1 b4 35. Bf3
Be8 36. h5 Bf7 37. Rhg1 Nb5 38. Nb1 Rab8 39. Ke2 Nd6 40. Nd2 Nb5 41. Nb1 Rb7
42. Rh1 Rhb8 43. Rg1 Rc8 44. Kd2 Nd6 45. Ke2 Rb5 46. Nd2 Nb7 47. Nc4 Bxc4 48.
dxc4 Rxa5 49. Rxa5 Nxa5 50. Ra1 Nb7 51. Rxa6 Rc7 52. Kd2 Nd8 53. Be2 Nc6 54.
Bd3 Ne7 55. Be2 Nc8 56. Bd3 Kf7 57. Be2 Ke7 58. Re6+ Kf7 59. Ra6 Rd7 60. Rc6
Nd6 61. Bd3 Nb7 62. Ra6 Rc7 63. Be2 Nd8 64. Bd3 Ke7 65. Be2 Nc6 66. Bd3 Kd7 67.
Ke2 Rc8 68. Kd2 Kc7 69. Ke2 Kb7 70. Ra1 Kb6 71. Kd2 Na5 72. Kc1 Ra8 73. Kb2 Ra7
74. Be2 Rd7 75. Bd3 Rd8 76. Rd1 Ra8 77. Ra1 Ra7 78. Rd1 Nc6 79. Re1 Ra3 80. Rd1
Ra8 81. Re1 Rg8 82. Rg1 Na7 83. Rf1 Nc8 84. Rg1 Nd6 85. Rd1 Ne8 86. Rg1 Nd6 87.
Rf1 Ne8 88. Rg1 Ng7 89. Rh1 Kc6 90. Rh2 Re8 91. Rg2 Re7 92. Rg1 Ne8 93. Ra1 Kb6
94. Rf1 Nc7 95. Ra1 Re8 96. Rf1 Kb7 97. Rg1 Na8 98. Rf1 Nb6 99. Ra1 Rd8 100.
Ra5 Rc8 101. Ra1 Nd7 102. Rd1 Kb6 103. Ra1 Rg8 104. Rg1 Ra8 105. Rf1 1/2-1/2

[Event "ODJM B 2022"]
[Site "Willingen GER"]
[Date "2022.06.05"]
[Round "2"]
[White "Bock, Leonas"]
[Black "Schilay, Eva"]
[Result "0-1"]
[Termination "normal"]
[Board "19"]
[WhiteElo "1352"]
[BlackElo "1691"]
[PlyCount "66"]
[WhiteFideId "16287118"]
[BlackFideId "12930164"]
[EventCountry "GER"]
[EventRounds "9"]
[EventType "swiss"]
[EventDate "2022.06.04"]

1. d4 d5 2. Nf3 Nf6 3. e3 Bf5 4. Bd3 Bg6 5. O-O e6 6. Bxg6 hxg6 7. Nbd2 Bd6 8.
b3 Nbd7 9. Bb2 g5 10. Ne5 c5 11. Rc1 Qc7 12. g3 Nxe5 13. dxe5 Bxe5 14. Bxe5
Qxe5 15. Qe2 g4 16. f3 gxf3 17. Nxf3 Qc7 18. c4 Rd8 19. Rfd1 O-O 20. Rd2 Rd7
21. Rcd1 Rfd8 22. Qf2 Ne4 23. Qg2 Nxd2 24. Rxd2 dxc4 25. bxc4 Rxd2 26. Nxd2 Qa5
27. Nf3 Qc3 28. Qf2 Qxc4 29. Kg2 Rd6 30. h4 Ra6 31. Kh3 Rxa2 32. Qe1 f5 33. Qd1
Qg4# 0-1

[Event "ODJM B 2022"]
[Site "Willingen GER"]
[Date "2022.06.05"]
[Round "2"]
[White "von Jan, Lena"]
[Black "Rotärmel, Leonie"]
[Result "1-0"]
[Termination "normal"]
[Board "20"]
[WhiteElo "1634"]
[BlackElo "1486"]
[PlyCount "75"]
[WhiteFideId "12946060"]
[BlackFideId "16281390"]
[EventCountry "GER"]
[EventRounds "9"]
[EventType "swiss"]
[EventDate "2022.06.04"]

1. e4 e6 2. d4 d5 3. e5 c5 4. c3 Nc6 5. Nf3 Qb6 6. Bd3 Bd7 7. Bc2 cxd4 8. cxd4
Bb4+ 9. Nc3 Bxc3+ 10. bxc3 Nge7 11. Bd2 O-O 12. O-O Na5 13. Rb1 Qc7 14. Bd3 b6
15. Qc2 h6 16. Qc1 f5 17. exf6 Rxf6 18. Ne5 Nf5 19. Bf4 Qd8 20. g4 Ne7 21. g5
hxg5 22. Bxg5 Rf8 23. Ng6 Re8 24. Nxe7+ Rxe7 25. Qe3 Qf8 26. Bxe7 Qxe7 27. Qh3
Rc8 28. Ba6 Rf8 29. Kh1 e5 30. Qg2 e4 31. Rg1 Rf3 32. Rbc1 Bh3 33. Qg5 Qxg5 34.
Rxg5 Rxf2 35. Rxd5 Rxa2 36. Re5 Nb3 37. Bc4+ Kh8 38. Rh5# 1-0

[Event "ODJM B 2022"]
[Site "Willingen GER"]
[Date "2022.06.05"]
[Round "2"]
[White "Frydel, Marcel"]
[Black "Günther, Arthur"]
[Result "0-1"]
[Termination "normal"]
[Board "21"]
[WhiteElo "1251"]
[BlackElo "1579"]
[PlyCount "76"]
[WhiteFideId "16245733"]
[BlackFideId "16230078"]
[EventCountry "GER"]
[EventRounds "9"]
[EventType "swiss"]
[EventDate "2022.06.04"]

1. e4 d5 2. exd5 Qxd5 3. Nc3 Qa5 4. d4 Nf6 5. Bc4 Bg4 6. f3 Bf5 7. Nge2 e6 8.
Ng3 Bg6 9. O-O Nc6 10. d5 Qc5+ 11. Kh1 Qxc4 12. dxc6 Qxc6 13. Be3 Bb4 14. Bd4
O-O-O 15. f4 Qc4 16. Nce2 c5 17. c3 Ba5 18. b4 cxd4 19. cxd4 Qxb4 20. Rc1+ Kb8
21. Rf3 Rc8 22. Rb3 Rxc1 23. Qxc1 Qe1+ 24. Qxe1 Bxe1 25. Nf1 Nd5 26. Rb1 Bxb1
27. h3 Rc8 28. Kh2 Bd3 29. Neg3 Rc2 30. h4 Nxf4 31. Ne3 Rxa2 32. d5 exd5 33. h5
d4 34. h6 g6 35. Ne2 Rxe2 36. Kg1 Bg3 37. Nf1 Re1 38. Kh1 Rxf1# 0-1

[Event "ODJM B 2022"]
[Site "Willingen GER"]
[Date "2022.06.05"]
[Round "2"]
[White "Hofmann, Benjamin"]
[Black "Hornstein, Leonhard Orell"]
[Result "1-0"]
[Termination "normal"]
[Board "22"]
[WhiteElo "1483"]
[BlackElo "1214"]
[PlyCount "39"]
[WhiteFideId "16270266"]
[BlackFideId "16254643"]
[EventCountry "GER"]
[EventRounds "9"]
[EventType "swiss"]
[EventDate "2022.06.04"]

{[%evp 0,39,23,19,48,47,68,68,55,47,81,27,55,32,49,0,22,-2,0,-21,19,23,31,29,
29,25,72,67,394,394,379,295,292,296,296,301,351,304,305,286,280,276]} 1. e4 d5
2. exd5 Qxd5 3. Nf3 Nf6 4. d4 Bg4 5. Be2 Qd7 6. c4 e6 7. Be3 Nc6 8. Nc3 O-O-O
9. Qb3 Be7 10. Rd1 Na5 11. Qc2 Bxf3 12. gxf3 Nh5 13. d5 exd5 14. Rxd5 Qh3 15.
Qf5+ Qxf5 16. Rxf5 Nc6 17. Rxh5 h6 18. Rd5 Bf6 19. Rxd8+ Rxd8 20. O-O 1-0

[Event "ODJM B 2022"]
[Site "Willingen GER"]
[Date "2022.06.05"]
[Round "2"]
[White "Vollmer, Jan"]
[Black "Payyappat, Sayas"]
[Result "0-1"]
[Termination "normal"]
[Board "23"]
[WhiteElo "1540"]
[BlackElo "1542"]
[PlyCount "56"]
[WhiteFideId "16287649"]
[BlackFideId "25659260"]
[EventCountry "GER"]
[EventRounds "9"]
[EventType "swiss"]
[EventDate "2022.06.04"]

{[%evp 0,56,23,19,50,5,14,-42,-47,-45,-60,-60,-57,-63,-69,-63,-49,-138,-55,-61,
-42,-42,-33,-62,15,14,50,58,63,42,78,54,78,56,86,86,73,54,86,82,89,65,109,18,
18,29,13,15,17,17,13,10,20,0,0,-68,-57,-316,-319]} 1. e4 c5 2. c3 d5 3. Nf3
dxe4 4. Qa4+ Nc6 5. Qxe4 Nf6 6. Qe3 e6 7. d4 cxd4 8. Nxd4 Nxd4 9. cxd4 Bb4+ 10.
Nc3 O-O 11. Bd2 Bxc3 12. bxc3 a6 13. Bd3 Qd5 14. O-O b5 15. a4 Bb7 16. f3 Rfc8
17. axb5 axb5 18. Rab1 Ba6 19. Rfc1 Rd8 20. Qg5 e5 21. Be3 exd4 22. Qxd5 Nxd5
23. Bxd4 Nxc3 24. Bxh7+ Kxh7 25. Bxc3 Rac8 26. Rb4 Rd3 27. Rh4+ Kg8 28. Bb2
Rxc1+ 0-1

[Event "ODJM B 2022"]
[Site "Willingen GER"]
[Date "2022.06.05"]
[Round "2"]
[White "Paqarizi, Endrit"]
[Black "Sari, Reber Furkan"]
[Result "1-0"]
[Termination "normal"]
[Board "26"]
[WhiteElo "1380"]
[BlackElo "1292"]
[PlyCount "111"]
[WhiteFideId "16235827"]
[BlackFideId "34623507"]
[EventCountry "GER"]
[EventRounds "9"]
[EventType "swiss"]
[EventDate "2022.06.04"]

1. d4 Nf6 2. Nc3 d5 3. Bf4 c5 4. e3 a6 5. dxc5 Nc6 6. Nf3 Qa5 7. Bd3 Bg4 8. O-O
e5 9. e4 dxe4 10. Bxe4 Nxe4 11. Nxe4 exf4 12. Re1 Ne5 13. Nd6+ Bxd6 14. Qxd6
Be6 15. Qxe5 O-O 16. Ng5 Bd7 17. Qxf4 Qxc5 18. Rad1 Bc6 19. Rd2 h6 20. Ne4 Rae8
21. Rde2 Qd5 22. c4 Qd3 23. Re3 Rxe4 24. Rxe4 Bxe4 25. Qxe4 Qxe4 26. Rxe4 Rd8
27. g3 Rd2 28. b3 Kf8 29. a3 Ra2 30. a4 Rb2 31. Re3 f6 32. Kg2 Kf7 33. Kf3 g5
34. Rd3 Ke6 35. Ke3 Ke5 36. h3 h5 37. f3 b6 38. Rc3 Rh2 39. c5 bxc5 40. Rxc5+
Kd6 41. Ra5 Rxh3 42. Rxa6+ Ke5 43. Ra5+ Ke6 44. b4 Rxg3 45. Kf2 h4 46. b5 g4
47. Ra6+ Kf5 48. fxg4+ Rxg4 49. a5 Kg6 50. b6 h3 51. b7 h2 52. b8=Q h1=Q 53.
Qg8+ Kf5 54. Qe6+ Kf4 55. Qxf6+ Ke4 56. Qc6+ 1-0

[Event "ODJM B 2022"]
[Site "Willingen GER"]
[Date "2022.06.05"]
[Round "2"]
[White "Schotthöfer, Samira"]
[Black "Müller, Anker"]
[Result "1-0"]
[Termination "normal"]
[Board "27"]
[WhiteElo "1304"]
[BlackElo "1509"]
[PlyCount "71"]
[WhiteFideId "16243455"]
[BlackFideId "1472070"]
[EventCountry "GER"]
[EventRounds "9"]
[EventType "swiss"]
[EventDate "2022.06.04"]

1. d4 Nf6 2. Nf3 g6 3. Bg5 Bg7 4. e3 O-O 5. c4 d6 6. Be2 Nbd7 7. O-O Re8 8. Nc3
b6 9. d5 h6 10. Bh4 Nc5 11. b4 Nce4 12. Nxe4 Nxe4 13. Rc1 g5 14. Bg3 e6 15. Nd4
exd5 16. cxd5 Bb7 17. Nc6 Bxc6 18. dxc6 Nxg3 19. hxg3 Re4 20. Bc4 a6 21. a4 d5
22. Bxd5 Rxb4 23. Rc4 Rxc4 24. Bxc4 a5 25. Qd7 Qxd7 26. cxd7 Rd8 27. Bb5 Be5
28. Rc1 Bd6 29. Rc4 f5 30. g4 Kf7 31. gxf5 Kf6 32. Re4 Be7 33. Re6+ Kf7 34. e4
Rh8 35. e5 Rh7 36. Bc4 1-0